Top Five Countries By Landform - Statistics

General Stats
  • This quiz has been taken 140 times
  • The average score is 18 of 22
Answer Stats
Country % Correct
United States
98%
Russia
97%
Australia
96%
Canada
96%
Indonesia
96%
Brazil
95%
China
94%
Japan
90%
Chile
84%
D. R. Congo
84%
Algeria
80%
Colombia
79%
Denmark
78%
Peru
78%
Saudi Arabia
78%
Mexico
74%
Philippines
74%
Finland
70%
Malaysia
67%
Papua New Guinea
63%
Nigeria
43%
France
38%
No matching quizzes found
Score Distribution
Percent of People with Each Score
Percentile by Number Answered
Your Score History
You have not taken this quiz